Hugo & Russell's Pharmaceutical Microbiology (Record no. 37)

MARC details
000 -LEADER
fixed length control field 00583nam a22002057a 4500
003 - CONTROL NUMBER IDENTIFIER
control field OSt
005 - DATE AND TIME OF LATEST TRANSACTION
control field 20170328131118.0
008 - FIXED-LENGTH DATA ELEMENTS--GENERAL INFORMATION
fixed length control field 140630b xxu||||| |||| 00| 0 eng d
020 ## - INTERNATIONAL STANDARD BOOK NUMBER
International Standard Book Number 0632064676
040 ## - CATALOGING SOURCE
Transcribing agency DNLM
100 ## - MAIN ENTRY--PERSONAL NAME
Personal name Edited by stephen, P. Denyer; Norman, A. Hodges
9 (RLIN) 11983
245 ## - TITLE STATEMENT
Title Hugo & Russell's Pharmaceutical Microbiology
250 ## - EDITION STATEMENT
Edition statement 7th ed
260 ## - PUBLICATION, DISTRIBUTION, ETC. (IMPRINT)
Place of publication, distribution, etc. Massachusetts;
Name of publisher, distributor, etc. Blackwell,
Date of publication, distribution, etc. 2004
300 ## - PHYSICAL DESCRIPTION
Extent x; 481pm,
Other physical details ill;
Dimensions 24cm
504 ## - BIBLIOGRAPHY, ETC. NOTE
Bibliography, etc References, & index included
650 ## - SUBJECT ADDED ENTRY--TOPICAL TERM
Topical term or geographic name as entry element Pharmaceuticals
9 (RLIN) 5840
650 ## - SUBJECT ADDED ENTRY--TOPICAL TERM
Topical term or geographic name as entry element Microbiology
9 (RLIN) 749
942 ## - ADDED ENTRY ELEMENTS (KOHA)
Source of classification or shelving scheme Library of Congress Classification
Koha item type Open Shelf
Holdings
Withdrawn status Lost status Source of classification or shelving scheme Damaged status Not for loan Home library Current library Date acquired Source of acquisition Inventory number Total Checkouts Full call number Barcode Date last seen Koha item type Date last checked out Price effective from
    Other/Generic Classification Scheme     MUST Main Library MUST Main Library 30/06/2014   08/29790   QV 250 H872m 2004 2014-0046 30/06/2014 Open Shelf    
    Other/Generic Classification Scheme     MUST Main Library MUST Main Library 29/06/2016   08/29790 1 QV 250 H872m 2004 2016-2838 30/09/2016 Open Shelf 19/09/2016 29/06/2016
    Other/Generic Classification Scheme     Pharmacy Department Library Pharmacy Department Library 28/03/2017   11/00225   QV520 H895s 2004 2017-0641 28/03/2017 Open Shelf    
    Other/Generic Classification Scheme     Pharmacy Department Library Pharmacy Department Library 28/03/2017   11/00226   QV520 H895s 2004 2017-0642 28/03/2017 Open Shelf